Radar principles for the non-specialist (Record no. 67704)

000 -LEADER
fixed length control field 00431nam a22001697a 4500
003 - CONTROL NUMBER IDENTIFIER
control field NUST - PNEC
005 - DATE AND TIME OF LATEST TRANSACTION
control field 20170116181030.0
008 - FIXED-LENGTH DATA ELEMENTS--GENERAL INFORMATION
fixed length control field 150919b xxu||||| |||| 00| 0 eng d
020 ## - INTERNATIONAL STANDARD BOOK NUMBER
International Standard Book Number 0442207190
040 ## - CATALOGING SOURCE
Transcribing agency LIBRARY
082 ## - DEWEY DECIMAL CLASSIFICATION NUMBER
Classification number 621.3848 TOO
100 ## - MAIN ENTRY--PERSONAL NAME
9 (RLIN) 11026
Personal name Toomay, J. C.
245 ## - TITLE STATEMENT
Title Radar principles for the non-specialist
Statement of responsibility, etc. J. C. Toomay,
260 ## - PUBLICATION, DISTRIBUTION, ETC.
Date of publication, distribution, etc. c1989.
650 ## - SUBJECT ADDED ENTRY--TOPICAL TERM
9 (RLIN) 11031
Topical term or geographic name entry element Radar
General subdivision EL.MS
942 ## - ADDED ENTRY ELEMENTS (KOHA)
Source of classification or shelving scheme
Koha item type Book
Holdings
Withdrawn status Lost status Source of classification or shelving scheme Damaged status Not for loan Permanent Location Current Location Shelving location Date acquired Total Checkouts Full call number Barcode Date last seen Price effective from Koha item type
          Pakistan Navy Engineering College (PNEC) Pakistan Navy Engineering College (PNEC)       621.3848 TOO PNECLIB-013955 09/19/2015   Book
          Pakistan Navy Engineering College (PNEC) Pakistan Navy Engineering College (PNEC)       621.3848 TOO PNECLIB-013849 09/19/2015   Book
          Pakistan Navy Engineering College (PNEC) Pakistan Navy Engineering College (PNEC)       621.3848 TOO PNECLIB-013957 09/19/2015   Book
          Pakistan Navy Engineering College (PNEC) Pakistan Navy Engineering College (PNEC)       621.3848 TOO PNECLIB-013958 09/19/2015   Book
          Pakistan Navy Engineering College (PNEC) Pakistan Navy Engineering College (PNEC)       621.3848 TOO PNECLIB-013512 10/01/2015   Book
          Pakistan Navy Engineering College (PNEC) Pakistan Navy Engineering College (PNEC)       621.3848 TOO PNECLIB-013956 10/04/2015   Book
          Pakistan Navy Engineering College (PNEC) Pakistan Navy Engineering College (PNEC)       621.3848 TOO PNECLIB-022042 10/04/2015   Book
          Pakistan Navy Engineering College (PNEC) Pakistan Navy Engineering College (PNEC)       621.3848 TOO PNECLIB-022041 10/05/2015   Book
© 2023 Central Library, National University of Sciences and Technology. All Rights Reserved.